Art as research : (Record no. 30488)
[ view plain ]
| 000 -LEADER | |
|---|---|
| fixed length control field | 04321cam a2200337Ii 4500 |
| 001 - CONTROL NUMBER | |
| control field | 12475668 |
| 003 - CONTROL NUMBER IDENTIFIER | |
| control field | EG-ScBUE |
| 005 - DATE AND TIME OF LATEST TRANSACTION | |
| control field | 20230709102136.0 |
| 008 - FIXED-LENGTH DATA ELEMENTS--GENERAL INFORMATION | |
| fixed length control field | 150528s2013 enkac f b 001 0 eng d |
| 020 ## - INTERNATIONAL STANDARD BOOK NUMBER | |
| International Standard Book Number | 9781783200016 |
| 035 ## - SYSTEM CONTROL NUMBER | |
| System control number | (OCoLC)ocn919117672 |
| 035 ## - SYSTEM CONTROL NUMBER | |
| System control number | 12475668 |
| 040 ## - CATALOGING SOURCE | |
| Original cataloging agency | AU@ |
| Language of cataloging | eng |
| Description conventions | rda |
| Transcribing agency | AU@ |
| Modifying agency | YDXCP |
| -- | YNK |
| -- | NKM |
| -- | CUI |
| -- | NLGGC |
| -- | PAU |
| -- | GZM |
| -- | CHVBK |
| -- | VRC |
| -- | OCLCF |
| -- | UKMGB |
| -- | MNE |
| -- | UBY |
| -- | CtY |
| -- | EG-ScBUE |
| 082 04 - DEWEY DECIMAL CLASSIFICATION NUMBER | |
| Classification number | 700.72 |
| Edition number | 22 |
| Item number | ART |
| 245 00 - TITLE STATEMENT | |
| Title | Art as research : |
| Remainder of title | opportunities and challenges / |
| Statement of responsibility, etc | edited by Shaun McNiff. |
| 264 #1 - PUBLICATION, DISTRIBUTION, ETC. (IMPRINT) | |
| Place of publication, distribution, etc | Bristol : |
| Name of publisher, distributor, etc | Intellect, |
| Date of publication, distribution, etc | 2013. |
| 300 ## - PHYSICAL DESCRIPTION | |
| Extent | xvi, 233 pages : |
| Other physical details | black and white illustrations, portraits ; |
| Dimensions | 24 cm |
| 336 ## - CONTENT TYPE | |
| Content type term | text |
| Source | rdacontent |
| Content type code | txt |
| 336 ## - CONTENT TYPE | |
| Content type term | still image |
| Source | rdacontent |
| Content type code | txt |
| 337 ## - MEDIA TYPE | |
| Media type term | unmediated |
| Source | rdamedia |
| Media type code | n |
| 338 ## - CARRIER TYPE | |
| Carrier type term | volume |
| Source | rdacarrier |
| Carrier type code | nc |
| 504 ## - BIBLIOGRAPHY, ETC. NOTE | |
| Bibliography, etc | Includes bibliographical references and index. |
| 505 0# - FORMATTED CONTENTS NOTE | |
| Formatted contents note | Opportunities and challenges in art-based research / Shaun McNiff -- Art as enquiry: Towards a research method that holds soul truth / Pat B. Allen -- Art-based enquiry: It is what we do! / Mitchell Kossak -- Mentoring and other challenges in art-based enquiry: You will figure it out / Bruce L. Moon -- Art-based research as a pedagogical approach to studying intersubjectivity in the creative arts therapies / Nancy Gerber, Elizabeth Templeton, Gioia Chilton, Marcia Cohen Liebman, Elizabeth Manders and Minjung Shim -- Performance as art-based research in drama therapy supervision / Robert Landy, Maria Hodermarska, Dave Mowers and David Perrin -- Where are the five chapters?: Challenges and opportunities in mentoring students with art-based dissertations / Sally Atkins -- The risks of representation: Dilemmas and opportunities in art-based research / Jean Rumbold, Patricia Fenner and Janine Brophy-Dixon -- Improvisation and art-based research / Nisha Sajnani -- Know thyself: Awakening self-referential awareness through art-based research / Michael A. Franklin -- The feeling of what happens: A reciprocal investigation of inductive and deductive processes in an art experiment / Malcolm Learmonth and Karen Huckvale -- A critical focus on art-based research / Shaun McNiff -- Frames of enquiry: Perplexity, self-integration, pregnant images / Robert E. Innis -- Expecting the unexpected: Improvisation in art-based research / Stephen K. Levine -- On creative writing and historical understanding / Kelsey McNiff -- On the seam: Fiction as truth - what can art do? / Debra Kalmanowitz -- A more complete knowing: The subjective objective partnership / Jordan S. Potash -- Knowing what is known: Accessing craft-based meanings in research by artists / Ross W. Prior -- Art-based research for engaging not-knowing in organizations / Ariane Berthoin Antal -- Art as a mother tongue: Staying true to an innate language of knowing / Tamar Einstein and Michele Forinash -- Shall I hide an art-based study within a recognized qualitative framework? Negotiating the spaces between research traditions at a research university / Tawnya D. Smith -- Trusting the felt sense in art-based research / Laury Rappaport -- Painting research: Challenges and opportunities of intimacy and depth / Barbara J. Fish -- Capturing the transient / Corinna Brown. |
| 520 ## - SUMMARY, ETC. | |
| Summary, etc | The new practice of art-based research uses art making as a primary mode of inquiry rather than continuing to borrow research methodologies from other disciplines to study artistic processes. Drawing on contributions from arts therapies, education, history, organizational studies, and philosophy, the essays critically examine challenges that include the personal nature of artistic inquiry and the complexities of the partnership with social science that has dominated applied arts research; how artistic discoveries are apt to emerge spontaneously; how truth can be examined through both fact and fiction as well as the interplay of objective and subjective experience; and ways of generating artistic evidence and communicating outcomes. Offering examples from all of the arts, this volume will be welcomed by researchers and students in many fields. |
| 650 #7 - SUBJECT ADDED ENTRY--TOPICAL TERM | |
| Topical term or geographic name as entry element | Arts |
| General subdivision | Research. |
| Source of heading or term | BUEsh |
| 650 #7 - SUBJECT ADDED ENTRY--TOPICAL TERM | |
| Topical term or geographic name as entry element | Arts |
| General subdivision | Study and teaching. |
| Source of heading or term | BUEsh |
| 653 ## - INDEX TERM--UNCONTROLLED | |
| Resource For college | Arts and Design |
| Arrived date list | July2023 |
| 655 ## - INDEX TERM--GENRE/FORM | |
| Form subdivision | Reading book |
| 700 1# - ADDED ENTRY--PERSONAL NAME | |
| Personal name | McNiff, Shaun, |
| Relator term | editor. |
| 942 ## - ADDED ENTRY ELEMENTS (KOHA) | |
| Source of classification or shelving scheme | Dewey Decimal Classification |
| Koha item type | Book - Borrowing |
| Withdrawn status | Lost status | Source of classification or shelving scheme | Damaged status | Not for loan | Collection code | Home library | Current library | Shelving location | Date acquired | Source of acquisition | Cost, normal purchase price | Serial Enumeration / chronology | Total Checkouts | Total Renewals | Full call number | Barcode | Date last seen | Date checked out | Cost, replacement price | Price effective from | Koha item type |
|---|---|---|---|---|---|---|---|---|---|---|---|---|---|---|---|---|---|---|---|---|---|
| Dewey Decimal Classification | Baccah | Central Library | Central Library | Second Floor | 09/07/2023 | Purchase | 673.00 | 37473 | 4 | 33 | 700.72 ART | 000056819 | 15/07/2025 | 22/05/2025 | 841.25 | 09/07/2023 | Book - Borrowing |